00241nam a2200085Ia 4500001000800000005001700008008004100025245005500066260003400121120711320250827022818.0250824s9999 xx 000 0 und d 0aGÜZEL YAZILAR RÖPORTAJLARcİSMAİL PARLATIR bTÜRK DİL KURUMU YAYINLARI